[Event "Ciudad Guayana Morales Memorial U1900"]
[Site "Ciudad Guayana"]
[Date "2016.04.15"]
[Round "7"]
[White "Gonzalez Marin, Alexander Jose"]
[Black "Carrasquel, Asdrubal Antonio"]
[Result "1-0"]
[WhiteElo "1564"]
[BlackElo "1574"]
[PlyCount "51"]
[EventDate "2016.04.15"]
[EventType "swiss"]
[EventRounds "7"]
[EventCountry "VEN"]
[SourceTitle "EXT 2022"]
[Source "ChessBase"]
[SourceDate "2021.10.06"]
[SourceVersion "1"]
[SourceVersionDate "2021.10.06"]
[SourceQuality "1"]

1. Nf3 d5 2. d4 g6 3. g3 Nc6 4. Bg2 Bg7 5. 0-0 Nf6 6. c4 0-0 7. Nc3 Bf5 8. cxd5 Nb4 9. Nh4 Bc2 10. Qd2 Bf5 11. e4 Bd7 12. Re1 Re8 13. h3 a5 14. e5 Nh5 15. a3 Na6 16. g4 f6 17. Qe2 fxe5 18. dxe5 e6 19. Nf3 exd5 20. gxh5 gxh5 21. Qd3 Re6 22. Qxd5 Kh8 23. Ng5 Rg6 24. Nf7+ Kg8 25. Nxd8+ Kh8 26. Qxd7 1-0

[Event "Guayana Aniversario UNEG U2200 34th"]
[Site "Guayana"]
[Date "2016.04.01"]
[Round "4"]
[White "Leon Cedeno, Pedro Jose"]
[Black "Gonzalez Marin, Alexander Jose"]
[Result "1-0"]
[WhiteElo "1820"]
[BlackElo "1483"]
[PlyCount "81"]
[EventDate "2016.03.31"]
[EventType "swiss"]
[EventRounds "6"]
[EventCountry "VEN"]
[SourceTitle "EXT 2022"]
[Source "ChessBase"]
[SourceDate "2021.10.06"]
[SourceVersion "1"]
[SourceVersionDate "2021.10.06"]
[SourceQuality "1"]

1. g4 d5 2. Bg2 c6 3. c4 dxc4 4. h3 e6 5. b3 Nf6 6. bxc4 Qd4 7. Nc3 Nbd7 8. Bb2 Qxc4 9. Nf3 Qa6 10. Qc2 Ba3 11. g5 Nh5 12. Ne4 Bxb2 13. Qxb2 Nf4 14. Bf1 Kf8 15. Qd4 Nd5 16. Nc5 Qa3 17. Nd3 Qe7 18. h4 f6 19. gxf6 Qxf6 20. Nde5 Ke8 21. Rc1 Rf8 22. Bh3 Nxe5 23. Nxe5 Qf4 24. Nf3 Qxd4 25. Nxd4 Nf4 26. Bg4 e5 27. Bxc8 Rxc8 28. Rg1 g6 29. Nf3 e4 30. Ng5 Rf5 31. Nxe4 Ke7 32. Rc3 Re8 33. Nc5 Nd5 34. Ra3 b6 35. Rxa7+ Kd6 36. Nb7+ Ke5 37. Ra4 Rf7 38. Rg5+ Ke6 39. Re4+ Kd7 40. Rxe8 Kxe8 41. Nd6+ 1-0